000 00516nam a2200193 4500
003 OSt
005 20240725004155.0
006 a
008 240725b |||||||| |||| 00| 0 eng d
020 _a8126126221
040 _aDWCL-Main lib.
_cOC
082 _aRes. 025.4 K21l 200
100 _aKaushik, Prashant
245 _aLibrary classification /
260 _aNew Delhi:
_bAnmol Pub. Put. Ltd.,
_cc2006.
300 _b332 p. ;
_c22 cm.
650 _a1. Library classification.
942 _2ddc
_n0
_cBK-0 CIRC
_kRes.
999 _c2688
_d2688